000 00544nam a2200145 a 4500
001 000029037
005 20200930055306.0
008 110413s20uu dr 000 0 spa d
040 _aDO-SdBNP
_bspa
_cBNPHU
245 0 0 _aEugenio María de Hostos, conmemoración del centenario del fallecimiento del maestro y humanista latinoamericano /.
260 _a[Santo Domingo] :
_bSecretaría de Estado de Cultura,
_c[200-?].
300 _a15 P. ;
_c22 cm.
500 _aCentenario del fallecimiento de Eugenio María de Hostos 1903-2003
049 _aBNPD
999 _c28529
_d28529